Intercultural communication: <A> reader
Gespeichert in:
| Weitere Verfasser: | , , |
|---|---|
| Format: | Buch |
| Sprache: | Englisch |
| Veröffentlicht: |
[S.l.]
Wadsworth Cengage Learning
2012
|
| Ausgabe: | 13th ed. |
| Schlagworte: | |
| Tags: |
Keine Tags, Fügen Sie das erste Tag hinzu!
|
MARC
| LEADER | 00000nam a2200000 4500 | ||
|---|---|---|---|
| 001 | 0125729 | ||
| 005 | 20240226124604.3 | ||
| 020 | |a 978-1-111-34815-1 | ||
| 020 | |a 1-111-34815-4 | ||
| 041 | 0 | |a eng | |
| 044 | |a GB | ||
| 245 | 1 | 0 | |a Intercultural communication: <A> reader |c Larry A. Samovar, Richard E. Porter, Edwin R. McDaniel |
| 250 | |a 13th ed. | ||
| 264 | 1 | |a [S.l.] |b Wadsworth Cengage Learning |c 2012 | |
| 300 | |a 518 s. | ||
| 610 | 2 | 0 | |a komunikácia multikultúrna |
| 610 | 2 | 0 | |a globalizácia |
| 610 | 2 | 0 | |a cudzinci |
| 610 | 2 | 0 | |a kultúra |
| 610 | 2 | 0 | |a konflikty |
| 610 | 2 | 0 | |a národnosti |
| 610 | 2 | 0 | |a identita |
| 610 | 2 | 0 | |a problémy spoločenské |
| 610 | 2 | 0 | |a komunikácia verbálna |
| 610 | 2 | 0 | |a komunikácia neverbálna |
| 700 | 1 | |a Samovar, Larry A. | |
| 700 | 1 | |a Porter, Richard E. | |
| 700 | 1 | |a McDaniel, Edwin R. | |